<?xml version="1.0" encoding="UTF-8"?>
<record
    xmlns:xsi="http://www.w3.org/2001/XMLSchema-instance"
    xsi:schemaLocation="http://www.loc.gov/MARC21/slim http://www.loc.gov/standards/marcxml/schema/MARC21slim.xsd"
    xmlns="http://www.loc.gov/MARC21/slim">

  <leader>01610nam a22002777a 4500</leader>
  <controlfield tag="003">OSt</controlfield>
  <controlfield tag="005">20250710152433.0</controlfield>
  <controlfield tag="008">220323s2010    ck a|||br|||| 00| f spa d</controlfield>
  <datafield tag="020" ind1=" " ind2=" ">
    <subfield code="a">9789587049336</subfield>
  </datafield>
  <datafield tag="040" ind1="0" ind2=" ">
    <subfield code="a">CO-JMCR</subfield>
    <subfield code="c">CO-JMCR</subfield>
  </datafield>
  <datafield tag="041" ind1="0" ind2=" ">
    <subfield code="a">spa</subfield>
  </datafield>
  <datafield tag="082" ind1="0" ind2="4">
    <subfield code="a">N</subfield>
    <subfield code="b">REYp</subfield>
  </datafield>
  <datafield tag="100" ind1="1" ind2=" ">
    <subfield code="a">Reyes, Carlos Jos&#xE9;, </subfield>
    <subfield code="e">autor</subfield>
    <subfield code="9">41978</subfield>
  </datafield>
  <datafield tag="245" ind1="1" ind2="0">
    <subfield code="a">Pedro pascasio ; </subfield>
    <subfield code="b">el peque&#xF1;o pr&#xF3;cer / </subfield>
    <subfield code="c">Carlos Jos&#xE9; Reyes ; ilustraciones de Carlos Manuel D&#xED;az Consuegra </subfield>
  </datafield>
  <datafield tag="250" ind1=" " ind2=" ">
    <subfield code="a">Primera edici&#xF3;n </subfield>
  </datafield>
  <datafield tag="260" ind1=" " ind2=" ">
    <subfield code="a">Bogot&#xE1; : </subfield>
    <subfield code="b">Alfaguara, </subfield>
    <subfield code="c">(c)2010.</subfield>
  </datafield>
  <datafield tag="300" ind1=" " ind2=" ">
    <subfield code="a">95 p&#xE1;ginas : </subfield>
    <subfield code="b">ilustraciones a blanco y negro ; </subfield>
    <subfield code="c">20 cm.</subfield>
  </datafield>
  <datafield tag="490" ind1="0" ind2=" ">
    <subfield code="a">Alfaguara infantil</subfield>
  </datafield>
  <datafield tag="505" ind1="0" ind2=" ">
    <subfield code="a">El hombre de la ceiba. -- Tema para una historia. -- Llega una oportunidad. -- El ni&#xF1;o que cuidaba los caballos. -- Una decisi&#xF3;n valiente. -- Un ni&#xF1;o en el campo de batalla. -- El pantano de Vargas. -- Una p&#xE9;rdida dolorosa. -- En espera de un nuevo combate. -- El ni&#xF1;o de la lanza. -- final de las dos historias. </subfield>
  </datafield>
  <datafield tag="520" ind1=" " ind2="3">
    <subfield code="a">Esta es la historia de Pedro Pascasio Mart&#xED;nez, un muchacho campesino que con apenas doce a&#xF1;os particip&#xF3; en la Batalla de Boyac&#xE1; con el Ej&#xE9;rcito Libertador; que captur&#xF3; al coronel Barreiro, comandante del ej&#xE9;rcito realista y que dio una profunda lecci&#xF3;n al no aceptar un soborno para librar al cautivo. De este modo dej&#xF3; como su legado personal un acto de valor y honestidad para las generaciones futuras.</subfield>
  </datafield>
  <datafield tag="650" ind1="1" ind2="4">
    <subfield code="a">Novela infantil </subfield>
    <subfield code="9">1227</subfield>
  </datafield>
  <datafield tag="650" ind1="2" ind2="4">
    <subfield code="a">Ni&#xF1;os en la historia</subfield>
    <subfield code="9">41979</subfield>
  </datafield>
  <datafield tag="650" ind1="2" ind2="4">
    <subfield code="a">Literatura infantil</subfield>
  </datafield>
  <datafield tag="700" ind1="1" ind2=" ">
    <subfield code="a">D&#xED;az Consuegra, Carlos Manuel </subfield>
    <subfield code="e">ilustrador</subfield>
    <subfield code="9">14017</subfield>
  </datafield>
  <datafield tag="942" ind1=" " ind2=" ">
    <subfield code="2">ddc</subfield>
    <subfield code="c">BK</subfield>
  </datafield>
  <datafield tag="999" ind1=" " ind2=" ">
    <subfield code="c">15840</subfield>
    <subfield code="d">15840</subfield>
  </datafield>
  <datafield tag="952" ind1=" " ind2=" ">
    <subfield code="0">0</subfield>
    <subfield code="1">0</subfield>
    <subfield code="2">ddc</subfield>
    <subfield code="4">0</subfield>
    <subfield code="7">0</subfield>
    <subfield code="a">CPL</subfield>
    <subfield code="b">CPL</subfield>
    <subfield code="c">PROC</subfield>
    <subfield code="d">0000-00-00</subfield>
    <subfield code="e">Donaci&#xF3;n</subfield>
    <subfield code="l">3</subfield>
    <subfield code="o">N REYp</subfield>
    <subfield code="p">201811146</subfield>
    <subfield code="r">2026-02-11 16:29:40</subfield>
    <subfield code="s">2026-02-11</subfield>
    <subfield code="t">Ej.1</subfield>
    <subfield code="w">2022-03-23</subfield>
    <subfield code="y">BK</subfield>
  </datafield>
</record>
